| 000 | 00702cam a2200229 4500 | ||
|---|---|---|---|
| 008 | 000000n1999 000 0 eng u | ||
| 020 | _a8790907027 | ||
| 035 | _a(Sirsi) u106730 | ||
| 050 | _a526.9 | ||
| 110 | _aFederation International Des Geometres | ||
| 245 | _aCo-operation between FIG and the UN agencies 2000-2003 | ||
| 260 |
_aDenmark _bFIG _c1999 |
||
| 300 | _a20p. ; 21cm. | ||
| 490 |
_aFIG Publication _vNo.22 December 1999 |
||
| 520 | _aReport of the FIG/UN Roundtable Melbourne, Australia, 1999 | ||
| 650 | _aFIG | ||
| 650 | _aUNITED NATIONS | ||
| 650 | _aINTERNATIONAL | ||
| 650 | _aINTERNATIONAL FEDERATION OF SURVEYORS | ||
| 690 | _aMAPPING AND MEASUREMENT | ||
| 942 | _n0 | ||
| 999 |
_c100618 _d100618 |
||